[Event "2.BLN 1718 Glückauf Rüdersd - Hamburg"]
[Site "?"]
[Date "2017.10.09"]
[Round "1.2"]
[White "Kanarek, Marcel"]
[Black "Engel, Luis"]
[Result "1-0"]
[WhiteElo "2518"]
[BlackElo "2344"]
[PlyCount "85"]
[EventDate "2017.??.??"]

1. e4 c5 2. Nf3 d6 3. d4 cxd4 4. Nxd4 Nf6 5. Nc3 a6 6. Bg5 e6 7. f4 h6 8. Bh4
Qb6 9. a3 Be7 10. Bf2 Qc7 11. Qf3 Nbd7 12. O-O-O b5 13. g4 Bb7 14. Bg2 g5 15.
h4 gxf4 16. g5 Ne5 17. Qxf4 Nh5 18. Qe3 Ng4 19. Qf3 Nxf2 20. Qxf2 hxg5 21. hxg5
Bxg5+ 22. Kb1 O-O-O 23. Ndxb5 axb5 24. Nxb5 Qe7 25. Rh3 Bf6 26. Rdh1 Be5 27.
Qb6 Ba8 28. Bf1 Rd7 29. Rb3 d5 30. Qa6+ Bb7 31. Na7+ Kd8 32. Rxb7 Rxb7 33. Nc6+
Ke8 34. Qa8+ Rb8 35. Nxb8 Qc7 36. Bb5+ Ke7 37. Nc6+ Kd6 38. Qa4 Qb6 39. Qb4+
Qc5 40. Nxe5 Qxb4 41. Nxf7+ Ke7 42. axb4 Kxf7 43. Be2 1-0

[Event "2.BLN 1718 Glückauf Rüdersd - Hamburg"]
[Site "?"]
[Date "2017.10.09"]
[Round "1.3"]
[White "Bracker, Frank"]
[Black "Steczek, Marcin"]
[Result "1/2-1/2"]
[WhiteElo "2392"]
[BlackElo "2382"]
[PlyCount "106"]
[EventDate "2017.??.??"]

1. Nf3 Nf6 2. c4 e6 3. g3 b6 4. Bg2 Bb7 5. O-O c5 6. Nc3 Nc6 7. b3 Be7 8. Bb2
O-O 9. e3 d5 10. cxd5 exd5 11. d4 Re8 12. Rc1 Rc8 13. Bh3 Rb8 14. Re1 Bf8 15.
Bg2 Qd7 16. dxc5 Bxc5 17. Na4 Bb4 18. Re2 Ne4 19. Rec2 Rbc8 20. Nc3 Bxc3 21.
Bxc3 Nxc3 22. Rxc3 Ne7 23. Nd4 Rxc3 24. Rxc3 Rc8 25. Qc2 Rxc3 26. Qxc3 Qc8 27.
Nb5 Qxc3 28. Nxc3 Bc6 29. Kf1 Kf8 30. Bh3 Ke8 31. Ke2 Kd8 32. Kd3 Kc7 33. Bg2
Kd6 34. g4 h6 35. Kd4 a6 36. h3 Bb7 37. f4 Nc6+ 38. Kd3 Ne7 39. a3 Bc6 40. Kd4
Bb7 41. b4 Nc6+ 42. Kd3 Ne7 43. Na4 Kc7 44. f5 f6 45. e4 dxe4+ 46. Bxe4 Bc8 47.
Nc3 Kd6 48. Kd4 h5 49. Ne2 hxg4 50. hxg4 Bd7 51. Nf4 Be8 52. Bb7 a5 53. Nd5
Nxd5 {(=)} 1/2-1/2

[Event "2.BLN 1718 Glückauf Rüdersd - Hamburg"]
[Site "?"]
[Date "2017.10.09"]
[Round "1.4"]
[White "Dudzinski, Piotr"]
[Black "Meissner, Felix"]
[Result "1-0"]
[WhiteElo "2310"]
[BlackElo "2339"]
[PlyCount "91"]
[EventDate "2017.??.??"]

1. e4 c5 2. c3 Nf6 3. e5 Nd5 4. d4 cxd4 5. cxd4 e6 6. Nc3 Nxc3 7. bxc3 Qc7 8.
Bd2 b6 9. f4 Bb7 10. Nf3 Nc6 11. Bd3 Na5 12. Qe2 Bd5 13. O-O Nc4 14. Be1 h6 15.
Nd2 Nxd2 16. Bxd2 Rc8 17. f5 Bc4 18. fxe6 dxe6 19. Bxc4 Qxc4 20. Qf3 Qc7 21. a4
g6 22. Qf6 Rh7 23. Kh1 Be7 24. Qf3 Qc6 25. Qg3 Qd5 26. Rfb1 Rc4 27. Qd3 Qc6 28.
Rb5 Kf8 29. h3 Bg5 30. Be1 Kg7 31. Qb1 Bd8 32. Rb4 Rh8 33. Rxc4 Qxc4 34. Qb5
Qc8 35. c4 a6 36. Qb3 Be7 37. Bg3 Qc7 38. d5 Qc5 39. Rf1 Bg5 40. Bf2 Qc7 41.
Bxb6 Qxe5 42. Qd3 Bf6 43. d6 Rb8 44. a5 Kg8 45. c5 Bd8 46. c6 1-0

[Event "2.BLN 1718 Glückauf Rüdersd - Hamburg"]
[Site "?"]
[Date "2017.10.09"]
[Round "1.5"]
[White "Uksini, Bardhyl"]
[Black "Sroczynski, Maciej"]
[Result "1/2-1/2"]
[WhiteElo "2363"]
[BlackElo "2314"]
[PlyCount "76"]
[EventDate "2017.??.??"]

1. d4 d5 2. c4 c6 3. Nf3 Nf6 4. Nc3 dxc4 5. a4 Bf5 6. e3 e6 7. Bxc4 Bb4 8. O-O
O-O 9. Qe2 Ne4 10. Bd3 Nxc3 11. bxc3 Bxd3 12. Qxd3 Be7 13. e4 Nd7 14. Rb1 Re8
15. e5 b6 16. Qe4 c5 17. h4 cxd4 18. cxd4 Nf8 19. Qg4 f5 20. exf6 Bxf6 21. h5
Qd7 22. Bg5 Bxg5 23. Qxg5 h6 24. Qb5 Qf7 25. a5 bxa5 26. Qxa5 Rad8 27. Ne5 Qxh5
28. Qxa7 Ra8 29. Qb7 Qf5 30. Nc6 Kh7 31. Rb3 Ng6 32. Rg3 Rg8 33. Re1 Raf8 34.
Qb2 Rf6 35. Ne5 Nxe5 36. Rxe5 Qf4 37. Qc2+ Kh8 38. Re4 Qf5 {(=)} 1/2-1/2

[Event "2.BLN 1718 Glückauf Rüdersd - Hamburg"]
[Site "?"]
[Date "2017.10.09"]
[Round "1.6"]
[White "Wlodarczyk, Oskar"]
[Black "Fuchs, Judith"]
[Result "1/2-1/2"]
[WhiteElo "2278"]
[BlackElo "2326"]
[PlyCount "79"]
[EventDate "2017.??.??"]

1. e4 c6 2. c4 d5 3. exd5 cxd5 4. cxd5 Nf6 5. Nc3 Nxd5 6. Nf3 Nc6 7. d4 Bg4 8.
Be2 e6 9. O-O Be7 10. h3 Bh5 11. Qb3 O-O 12. Qxb7 Rc8 13. Rd1 Na5 14. Qb5 Rb8
15. Qa4 Bg6 16. Nxd5 Qxd5 17. Ne5 Be4 18. f3 Bf5 19. Qd7 Bd6 20. Qxa7 f6 21. b4
Bxb4 22. Ng4 Ra8 23. Qc7 Bd6 24. Qc3 Rfc8 25. Qe1 Bg6 26. Be3 Bc2 27. Rdc1 Ba3
28. Qg3 Kh8 29. Rxc2 Rxc2 30. Bd3 Rc3 31. Be4 Qd8 32. Bxa8 Qxa8 33. Rb1 Nc6 34.
Qc7 Bf8 35. Rb7 Ne7 36. Rb8 Rxc7 37. Rxa8 Kg8 38. Bf4 Rd7 39. Be3 h5 40. Nf2 {
(=)} 1/2-1/2

[Event "2.BLN 1718 Glückauf Rüdersd - Hamburg"]
[Site "?"]
[Date "2017.10.09"]
[Round "1.7"]
[White "Baciu, Diana"]
[Black "Dudzinski, Pawel"]
[Result "1/2-1/2"]
[WhiteElo "2293"]
[BlackElo "2238"]
[PlyCount "78"]
[EventDate "2017.??.??"]

1. e4 c6 2. Nc3 d5 3. Nf3 g6 4. exd5 cxd5 5. Bb5+ Bd7 6. Qe2 a6 7. Bxd7+ Qxd7
8. Ne5 Qe6 9. d4 Nc6 10. Be3 Bg7 11. f4 Nf6 12. Qf3 O-O 13. O-O Rfd8 14. Na4
Rab8 15. Nc5 Qc8 16. c3 a5 17. Qe2 b6 18. Ncd3 e6 19. g4 Ne4 20. g5 Ne7 21. Nf2
Nxf2 22. Qxf2 Nf5 23. Ng4 h5 24. gxh6 Bxh6 25. Nxh6+ Nxh6 26. Qe1 Nf5 27. Bf2
Qc7 28. Bh4 Nxh4 29. Qxh4 Kg7 30. Qg5 Rh8 31. Qe5+ Qxe5 32. fxe5 Rh5 33. Rf6
Rg5+ 34. Kh1 b5 35. Raf1 Rf5 36. a3 b4 37. axb4 axb4 38. R6xf5 exf5 39. Rc1
bxc3 1/2-1/2

[Event "2.BLN 1718 Glückauf Rüdersd - Hamburg"]
[Site "?"]
[Date "2017.10.09"]
[Round "1.8"]
[White "Szadkowski, Kamil"]
[Black "Doberitz, Paul"]
[Result "1-0"]
[WhiteElo "2293"]
[BlackElo "2205"]
[PlyCount "55"]
[EventDate "2017.??.??"]

1. e4 c5 2. Nf3 d6 3. d4 cxd4 4. Nxd4 Nf6 5. Nc3 g6 6. Be3 Bg7 7. f3 Nc6 8. Qd2
O-O 9. O-O-O Nxd4 10. Bxd4 Be6 11. Kb1 Qc7 12. h4 h5 13. g4 Rfc8 14. gxh5 Nxh5
15. Bxg7 Kxg7 16. f4 Bg4 17. Re1 Ng3 18. Rg1 Nxf1 19. Rexf1 f5 20. Re1 e6 21.
h5 Bxh5 22. exf5 exf5 23. Nd5 Qc5 24. Re7+ Kf8 25. Rge1 Re8 26. b4 Qc4 27. Qe3
g5 28. Qe6 1-0

[Event "2.BLN 1718 FC St. Pauli - SK Union Olde"]
[Site "?"]
[Date "2017.10.09"]
[Round "1.1"]
[White "Breutigam, Martin"]
[Black "Feuerstack, Aljoscha"]
[Result "1/2-1/2"]
[WhiteElo "2383"]
[BlackElo "2449"]
[PlyCount "59"]
[EventDate "2017.??.??"]

1. d4 d5 2. Nf3 Nf6 3. Bg5 Ne4 4. Bh4 Qd6 5. Nbd2 Qh6 6. Qc1 Bf5 7. Nxe4 Qxc1+
8. Rxc1 Bxe4 9. c4 dxc4 10. Nd2 Bg6 11. e4 e6 12. Bxc4 Be7 13. Bg3 Nd7 14. h4
h5 15. f3 O-O 16. Bxc7 Rfc8 17. Bb5 Nc5 18. dxc5 Rxc7 19. b4 a5 20. bxa5 Rxa5
21. a4 Rxc5 22. Rxc5 Bxc5 23. Ke2 Ra8 24. Rc1 Bd6 25. Nc4 Bc7 26. Rd1 Rd8 27.
Rxd8+ Bxd8 28. a5 Kf8 29. Ke3 e5 30. Nxe5 {(=)} 1/2-1/2

[Event "2.BLN 1718 FC St. Pauli - SK Union Olde"]
[Site "?"]
[Date "2017.10.09"]
[Round "1.2"]
[White "Michna, Marta"]
[Black "Bredemeier, Dirk"]
[Result "1/2-1/2"]
[WhiteElo "2376"]
[BlackElo "2304"]
[PlyCount "216"]
[EventDate "2017.??.??"]

1. d4 Nf6 2. Bg5 e6 3. e4 c5 4. e5 h6 5. Bc1 Nh7 6. dxc5 Nc6 7. Nf3 Bxc5 8. Nc3
d5 9. exd6 Qxd6 10. Qxd6 Bxd6 11. Ne4 Bc7 12. Bb5 Bd7 13. Nc5 a6 14. Ba4 b5 15.
Bb3 Na5 16. Nxd7 Kxd7 17. Ke2 Kc6 18. Bd2 Nxb3 19. axb3 Kb7 20. Bc3 f6 21. h4
h5 22. Nd2 e5 23. Ne4 Bb6 24. Rhd1 Rhd8 25. Nd6+ Kc7 26. Nf5 g5 27. Rxd8 Rxd8
28. Rxa6 gxh4 29. Ba5 Bxa5 30. Rxa5 Kb6 31. Ra1 Ng5 32. Nxh4 Ne6 33. Rd1 Nd4+
34. Kf1 Rc8 35. c3 Nxb3 36. Nf5 Rc6 37. Ng3 Nc5 38. Nxh5 Na4 39. Rd2 b4 40.
cxb4 Kb5 41. g3 Kxb4 42. Kg2 Nc5 43. Ng7 Nb3 44. Rd8 Nd4 45. Ne8 Kc5 46. Rb8 f5
47. Rb7 Re6 48. b4+ Kc6 49. Rb8 f4 50. gxf4 exf4 51. Rd8 Rg6+ 52. Kf1 Nf3 53.
Ke2 Ne5 54. b5+ Kc5 55. Nc7 Nc4 56. Kd3 Kb6 57. Nd5+ Kxb5 58. Nxf4 Rg1 59. Rb8+
Kc5 60. Rc8+ Kb5 61. Ne2 Rg7 62. Nd4+ Kb4 63. Nf5 Rg1 64. Ng3 Ne5+ 65. Kd4 Nf3+
66. Ke3 Ne5 67. Ne2 Rf1 68. Ng3 Rg1 69. Ne4 Ng4+ 70. Kf4 Nxf2 71. Nxf2 Rf1 72.
Ke3 Kb5 73. Nd3 Rh1 74. Kd4 Rh4+ 75. Kd5 Kb6 76. Rc6+ Ka7 77. Nc5 Rg4 78. Rh6
Rf4 79. Kc6 Rf7 80. Kb5 Rg7 81. Kc6 Rf7 82. Rh1 Rf6+ 83. Kc7 Rf7+ 84. Nd7 Ka6
85. Rh5 Re7 86. Kd6 Rg7 87. Kc6 Rg6+ 88. Kc5 Rg1 89. Rh6+ Kb7 90. Nb6 Rg5+ 91.
Nd5 Rg1 92. Rh7+ Kb8 93. Nb4 Rc1+ 94. Kd6 Kc8 95. Nd5 Kb8 96. Rd7 Rc2 97. Rh7
Rc1 98. Nb4 Kc8 99. Na6 Rd1+ 100. Kc6 Kd8 101. Nc7 Rd2 102. Nd5 Ke8 103. Kd6
Kf8 104. Ke6 Re2+ 105. Kf5 Rf2+ 106. Nf4 Rf1 107. Ke5 Ke8 108. Ke6 Re1+ 1/2-1/2

[Event "2.BLN 1718 FC St. Pauli - SK Union Olde"]
[Site "?"]
[Date "2017.10.09"]
[Round "1.3"]
[White "Mueer, Sebastian"]
[Black "Voigt, Martin"]
[Result "0-1"]
[WhiteElo "2253"]
[BlackElo "2346"]
[PlyCount "104"]
[EventDate "2017.??.??"]

1. Nf3 d5 2. c4 c6 3. g3 Nf6 4. Bg2 Bf5 5. Qb3 Qb6 6. d3 Na6 7. Be3 dxc4 8.
Qxb6 axb6 9. dxc4 Nb4 10. Na3 Rxa3 11. bxa3 Nc2+ 12. Kd2 Nxa1 13. Rxa1 Nd7 14.
Nd4 Bg6 15. Kc3 e5 16. Nc2 Bc5 17. Bh3 Bxe3 18. Nxe3 Nc5 19. f3 Kd8 20. Bf5
Bxf5 21. Nxf5 g6 22. Rd1+ Kc7 23. Ne3 f5 24. Nc2 f4 25. gxf4 exf4 26. h4 Rf8
27. Rg1 Rf5 28. Rg4 Ne6 29. Nd4 Nxd4 30. Kxd4 Kd6 31. Rg5 Rf6 32. h5 Re6 33.
hxg6 Re3 34. c5+ bxc5+ 35. Rxc5 hxg6 36. Rg5 Rxe2 37. Rxg6+ Kc7 38. Rf6 Rxa2
39. Kc5 Rxa3 40. Rf7+ Kb8 41. Rxf4 Rd3 42. Kb6 Rb3+ 43. Kc5 Rb5+ 44. Kd6 Rd5+
45. Ke6 b5 46. Rf7 b4 47. Rf4 Rb5 48. Kd6 Kb7 49. Rf7+ Kb6 50. Rf8 b3 51. Rb8+
Ka7 52. Re8 b2 0-1

[Event "2.BLN 1718 FC St. Pauli - SK Union Olde"]
[Site "?"]
[Date "2017.10.09"]
[Round "1.4"]
[White "Krause, Jonah"]
[Black "Meessen, Max"]
[Result "1-0"]
[WhiteElo "2354"]
[BlackElo "2204"]
[PlyCount "79"]
[EventDate "2017.??.??"]

1. d4 Nf6 2. c4 e6 3. g3 d5 4. Nf3 Bb4+ 5. Bd2 Bd6 6. Bg2 c6 7. b3 Ne4 8. O-O
O-O 9. Nc3 f5 10. Qc2 Nd7 11. Bc1 Qe7 12. Bb2 b6 13. e3 Bb7 14. Ne2 Rac8 15.
Ne5 Nxe5 16. dxe5 Bb8 17. Nf4 Rfd8 18. Rfd1 Ng5 19. Rac1 Ba6 20. Nd3 dxc4 21.
bxc4 c5 22. f4 Nf7 23. e4 Nh6 24. Nf2 Bb7 25. Qe2 Rxd1+ 26. Rxd1 Rd8 27. Rd3
Rxd3 28. Qxd3 g6 29. exf5 Bxg2 30. f6 Qb7 31. Qd8+ Kf7 32. Qh8 Nf5 33. Qxh7+
Kf8 34. Qh8+ Kf7 35. g4 Ne3 36. Qg7+ Ke8 37. Qg8+ Kd7 38. f7 Bh1 39. Qe8+ Kc7
40. Qe7+ 1-0

[Event "2.BLN 1718 FC St. Pauli - SK Union Olde"]
[Site "?"]
[Date "2017.10.09"]
[Round "1.6"]
[White "Perez de Miguel, Alvaro"]
[Black "Schuette, Marc"]
[Result "1-0"]
[WhiteElo "2247"]
[BlackElo "2141"]
[PlyCount "89"]
[EventDate "2017.??.??"]

1. d4 d5 2. c4 c6 3. Nc3 Nf6 4. e3 e6 5. Nf3 Nbd7 6. Bd3 Be7 7. O-O O-O 8. e4
dxc4 9. Bxc4 b5 10. Bd3 a6 11. e5 Nd5 12. Qe2 Re8 13. h4 Nf8 14. Ne4 h6 15. h5
Ra7 16. Bd2 Rd7 17. Rfc1 Qb6 18. Nc5 Ra7 19. Rc2 a5 20. a3 Rd8 21. Qe1 Bd7 22.
Qc1 Be8 23. Ne4 f5 24. exf6 Nxf6 25. Nxf6+ Bxf6 26. Be3 Qb8 27. d5 exd5 28.
Bxa7 Qxa7 29. Qe3 d4 30. Qe2 Bxh5 31. Rxc6 Re8 32. Qd1 Kh8 33. Bxb5 Rb8 34. a4
Ng6 35. Rac1 Ne7 36. R6c5 Bg4 37. Qd3 Qa8 38. Ne5 Be6 39. Ng6+ Nxg6 40. Qxg6
Rd8 41. Bd3 Kg8 42. Rc7 Kf8 43. R1c6 Rb8 44. Bf5 Bd5 45. Rxf6+ 1-0

[Event "2.BLN 1718 FC St. Pauli - SK Union Olde"]
[Site "?"]
[Date "2017.10.09"]
[Round "1.7"]
[White "Buerckner, Hartmut"]
[Black "Richter, Maik"]
[Result "1-0"]
[WhiteElo "2167"]
[BlackElo "2222"]
[PlyCount "127"]
[EventDate "2017.??.??"]

1. c4 f5 2. Nf3 Nf6 3. b3 d6 4. d4 g6 5. Bb2 Bg7 6. e3 O-O 7. Be2 Qe8 8. O-O a5
9. Nc3 Na6 10. d5 Bd7 11. a3 c6 12. dxc6 bxc6 13. Qc2 Rb8 14. Na2 Qd8 15. Rab1
Rb7 16. Bc3 c5 17. Rfd1 Nb8 18. b4 axb4 19. axb4 cxb4 20. Nxb4 Ne4 21. Bxg7
Kxg7 22. Nd4 Nc5 23. Nb5 Rb6 24. Nd5 Ra6 25. Qc3+ Kg8 26. h4 Nc6 27. g3 Qa5 28.
Qxa5 Rxa5 29. Nd4 Kf7 30. Nb6 Be8 31. Ra1 Rxa1 32. Rxa1 Ne4 33. Nb5 Ne5 34. Ra7
Bc6 35. Rc7 Rb8 36. Nc8 Kf8 37. Nxe7 Be8 38. Nd5 Ra8 39. Nd4 Nc5 40. Rxh7 Nf7
41. h5 Ng5 42. hxg6 Nxh7 43. gxh7 Kg7 44. Nxf5+ Kxh7 45. Nf6+ Kg6 46. Nxe8 Kxf5
47. Nxd6+ Ke5 48. Nb5 Ra2 49. f4+ Kf5 50. g4+ Kf6 51. Nd4 Ra3 52. Nf5 Ra2 53.
Ng3 Rc2 54. g5+ Kg6 55. Kf1 Rb2 56. Bh5+ Kh7 57. Bf3 Kg6 58. Ne4 Nd3 59. Bg4
Rc2 60. Be6 Rb2 61. f5+ Kh5 62. g6 Kg4 63. Bd5 Kh3 64. g7 1-0

[Event "2.BLN 1718 FC St. Pauli - SK Union Olde"]
[Site "?"]
[Date "2017.10.09"]
[Round "1.8"]
[White "Goepfert, Jakob"]
[Black "Heinemann, Ernst"]
[Result "0-1"]
[WhiteElo "2131"]
[BlackElo "2099"]
[PlyCount "64"]
[EventDate "2017.??.??"]

1. d4 Nf6 2. Nf3 c5 3. d5 g6 4. Nc3 d6 5. e4 Bg7 6. Nd2 O-O 7. Bd3 e6 8. O-O
exd5 9. exd5 Nbd7 10. Nc4 Nb6 11. Ne3 Re8 12. a4 Nbd7 13. Re1 a6 14. Bf1 Ne4
15. Nxe4 Rxe4 16. Nc4 Rxe1 17. Qxe1 Ne5 18. Ne3 Bd7 19. h3 f5 20. f4 Nf7 21.
Nc4 Rb8 22. a5 Qf6 23. Nb6 Re8 24. Nxd7 Rxe1 25. Nxf6+ Bxf6 26. c3 Bh4 27. b3
Bg3 28. Bb2 Rxa1 29. Bxa1 Bxf4 30. b4 cxb4 31. cxb4 Bd2 32. b5 axb5 0-1

[Event "2.BLN 1718 SK Union Oldenb. - SK König"]
[Site "?"]
[Date "2017.10.23"]
[Round "2.1"]
[White "Stern, Ren->"]
[Black "Breutigam, Martin"]
[Result "1/2-1/2"]
[WhiteElo "2522"]
[BlackElo "2383"]
[PlyCount "113"]
[EventDate "2017.??.??"]

1. Nf3 d5 2. d4 Nf6 3. c4 c6 4. Nbd2 Bf5 5. Nh4 Bd7 6. e3 e6 7. Nhf3 c5 8. dxc5
Bxc5 9. a3 a5 10. b3 Nc6 11. Bb2 O-O 12. Bd3 Qe7 13. Qb1 h6 14. O-O Rad8 15.
Rd1 Rfe8 16. Nf1 Bc8 17. Ng3 e5 18. cxd5 Rxd5 19. Bh7+ Kh8 20. Rxd5 Nxd5 21.
Be4 Qe6 22. Qc2 Bf8 23. Bf5 Qe7 24. Bxc8 Rxc8 25. Nxe5 Qe6 26. Rc1 Nb6 27. Nc4
Nxc4 28. Qxc4 Qxc4 29. bxc4 Rd8 30. Ne4 Rd3 31. c5 Rb3 32. Rc2 f5 33. Ng3 Bxc5
34. Nxf5 Bxa3 35. Bxg7+ Kh7 36. g4 h5 37. h3 hxg4 38. hxg4 a4 39. Kg2 Rb1 40.
f4 Bc1 41. Kf3 a3 42. Bc3 Bb2 43. Rh2+ Kg8 44. Rh8+ Kf7 45. Ra8 Bxc3 46. Rxa3
Bb4 47. Rd3 b5 48. g5 Bf8 49. Ke4 b4 50. Rd7+ Ke8 51. Rb7 Nd8 52. Rb8 Kd7 53.
g6 Kc7 54. Rb5 Nb7 55. Ke5 Rg1 56. g7 Bxg7+ 57. Nxg7 1/2-1/2

[Event "2.BLN 1718 SK Union Oldenb. - SK König"]
[Site "?"]
[Date "2017.10.23"]
[Round "2.2"]
[White "Bredemeier, Dirk"]
[Black "Rabiega, Robert"]
[Result "1/2-1/2"]
[WhiteElo "2304"]
[BlackElo "2516"]
[PlyCount "45"]
[EventDate "2017.??.??"]

1. d4 g6 2. c4 Bg7 3. e4 e6 4. Nc3 Ne7 5. d5 d6 6. Be3 O-O 7. Qd2 exd5 8. cxd5
f5 9. f3 Nd7 10. Nh3 fxe4 11. fxe4 Ne5 12. Nf2 Bd7 13. Be2 b5 14. O-O a6 15.
Bh6 Qb8 16. Bxg7 Kxg7 17. Ncd1 Qb6 18. Rc1 Rf6 19. Qe3 Qxe3 20. Nxe3 c5 21.
dxc6 Bxc6 22. Neg4 Nxg4 23. Bxg4 {(=)} 1/2-1/2

[Event "2.BLN 1718 SK Union Oldenb. - SK König"]
[Site "?"]
[Date "2017.10.23"]
[Round "2.3"]
[White "Richter, Michael"]
[Black "Mueer, Sebastian"]
[Result "1-0"]
[WhiteElo "2498"]
[BlackElo "2253"]
[PlyCount "65"]
[EventDate "2017.??.??"]

1. e4 c5 2. Nf3 d6 3. d4 cxd4 4. Qxd4 Bd7 5. Bc4 Nc6 6. Qe3 g6 7. Be2 Bg7 8. h3
Nf6 9. Nc3 O-O 10. O-O Rc8 11. Rd1 b6 12. Rb1 Na5 13. b3 Re8 14. Bb2 Qc7 15.
Rbc1 Qb8 16. e5 dxe5 17. Nxe5 Bf5 18. Nb5 Ne4 19. f4 Nd6 20. Bf3 h5 21. Bd5 a6
22. Nd4 e6 23. Bf3 h4 24. Qe1 Bxe5 25. fxe5 Ndb7 26. Qxh4 Qxe5 27. Ba1 Qe3+ 28.
Kh1 e5 29. Nxf5 gxf5 30. Re1 Qf4 31. Qxf4 exf4 32. Rxe8+ Rxe8 33. b4 1-0

[Event "2.BLN 1718 SK Union Oldenb. - SK König"]
[Site "?"]
[Date "2017.10.23"]
[Round "2.4"]
[White "Meessen, Max"]
[Black "Muse, Mladen"]
[Result "0-1"]
[WhiteElo "2204"]
[BlackElo "2391"]
[PlyCount "106"]
[EventDate "2017.??.??"]

1. d4 Nf6 2. c4 e6 3. Nc3 Bb4 4. Nf3 b6 5. Qc2 Bb7 6. a3 Bxc3+ 7. Qxc3 Ne4 8.
Qc2 O-O 9. g3 f5 10. Bg2 c5 11. b3 Nc6 12. Bb2 cxd4 13. Nxd4 Nxd4 14. Bxd4 Qc7
15. Rc1 Ng5 16. Be5 Qxe5 17. Bxb7 Rab8 18. Bg2 Qa5+ 19. Qc3 Qxc3+ 20. Rxc3 Rfc8
21. Kd2 Kf8 22. Rhc1 Ke7 23. c5 Rxc5 24. Rxc5 bxc5 25. Rxc5 Rxb3 26. Ra5 Rb2+
27. Ke3 d5 28. Rxa7+ Kf6 29. Ra6 Ne4 30. Bxe4 fxe4 31. f4 exf3 32. Kxf3 h5 33.
h4 Kf5 34. Ra7 Rb3+ 35. Kf2 g6 36. a4 Ra3 37. Ra8 d4 38. Rf8+ Ke5 39. Rg8 Ra2
40. Kf3 Ra3+ 41. Kf2 Kf5 42. Rf8+ Ke4 43. Rf6 e5 44. Rxg6 Ra2 45. Rd6 Rxa4 46.
Rd8 Ra7 47. Rg8 Ra2 48. Rd8 Rd2 49. Ke1 Ke3 50. Rh8 Rxe2+ 51. Kf1 d3 52. Rxh5
e4 53. Rd5 Rc2 0-1

[Event "2.BLN 1718 SK Union Oldenb. - SK König"]
[Site "?"]
[Date "2017.10.23"]
[Round "2.5"]
[White "Bruedigam, Martin"]
[Black "Reuker, Jari"]
[Result "1/2-1/2"]
[WhiteElo "2402"]
[BlackElo "2325"]
[PlyCount "33"]
[EventDate "2017.??.??"]

1. e4 c5 2. Nf3 e6 3. g3 d5 4. exd5 exd5 5. d4 Nc6 6. Bg2 Bg4 7. O-O cxd4 8. h3
Bxf3 9. Qxf3 Nf6 10. Bg5 Be7 11. Bxf6 Bxf6 12. Rd1 Kf8 13. Qb3 Ne7 14. c3 g6
15. cxd4 Kg7 16. Nc3 Qd7 17. Nxd5 {(=)} 1/2-1/2

[Event "2.BLN 1718 SK Union Oldenb. - SK König"]
[Site "?"]
[Date "2017.10.23"]
[Round "2.6"]
[White "Wittje, Berthold"]
[Black "Fruebing, Stefan"]
[Result "1/2-1/2"]
[WhiteElo "2211"]
[BlackElo "2414"]
[PlyCount "66"]
[EventDate "2017.??.??"]

1. Nf3 Nf6 2. g3 d5 3. Bg2 c6 4. O-O Bg4 5. b3 e6 6. Bb2 Nbd7 7. d3 Bc5 8. Nbd2
Qe7 9. a3 O-O 10. c4 e5 11. cxd5 cxd5 12. d4 exd4 13. b4 d3 14. exd3 Bb6 15.
Qb3 Rfe8 16. Rfe1 Qd6 17. Bd4 Bxd4 18. Nxd4 Ne5 19. N2f3 Nxf3+ 20. Nxf3 Qb6 21.
Qc3 Rec8 22. Qb2 Bxf3 23. Bxf3 h6 24. Re7 Rc7 25. Rxc7 Qxc7 26. Rc1 Qb6 27. Qc3
Qa6 28. Kg2 Re8 29. h4 Re6 30. Qc8+ Re8 31. Qc3 Re6 32. Qc8+ Re8 33. Qc3 Re6 {
(=)} 1/2-1/2

[Event "2.BLN 1718 SK Union Oldenb. - SK König"]
[Site "?"]
[Date "2017.10.23"]
[Round "2.7"]
[White "Von Herman, Ulf"]
[Black "Schuette, Marc"]
[Result "1/2-1/2"]
[WhiteElo "2349"]
[BlackElo "2141"]
[PlyCount "65"]
[EventDate "2017.??.??"]

1. c4 c6 2. Nc3 d5 3. cxd5 cxd5 4. d4 Nf6 5. Nf3 Nc6 6. Bf4 Bf5 7. Qb3 Na5 8.
Qa4+ Bd7 9. Qc2 Rc8 10. e3 e6 11. Bd3 Bb4 12. O-O O-O 13. Bg5 h6 14. Bh4 Nc4
15. Rfc1 Qc7 16. a3 Bd6 17. Qe2 Qb6 18. Rab1 Na5 19. Rd1 Be7 20. Ne5 Qd8 21.
Bc2 Re8 22. Qd3 Kf8 23. Bg3 Nc4 24. e4 Nb6 25. Re1 a6 26. Rbd1 Nc4 27. Nxc4
dxc4 28. Qf3 Qb6 29. e5 Bc6 30. Qf4 Nh5 31. Qc1 Red8 32. Na4 Qa7 33. Qe3 {(=)}
1/2-1/2

[Event "2.BLN 1718 SK Union Oldenb. - SK König"]
[Site "?"]
[Date "2017.10.23"]
[Round "2.8"]
[White "Buerckner, Hartmut"]
[Black "Sarbok, Torsten"]
[Result "0-1"]
[WhiteElo "2167"]
[BlackElo "2302"]
[PlyCount "88"]
[EventDate "2017.??.??"]

1. c4 c6 2. Nf3 d5 3. b3 Nf6 4. Bb2 g6 5. g3 Bg7 6. Bg2 Bf5 7. d3 O-O 8. O-O
Qd7 9. Re1 Na6 10. Nbd2 Bh3 11. Bh1 h6 12. Rc1 Qd8 13. a3 Ng4 14. Bxg7 Kxg7 15.
cxd5 Qb6 16. d4 cxd5 17. b4 Nc7 18. Qb3 Rfd8 19. e3 Nf6 20. Ne5 Be6 21. Rc5 Na6
22. Rc3 Rac8 23. Rec1 Rxc3 24. Rxc3 Qb5 25. Qc2 Bf5 26. Qc1 Qe8 27. Bg2 Rc8 28.
Bf1 Rxc3 29. Qxc3 Qa4 30. b5 Nb8 31. Qc5 Nbd7 32. Qxe7 Nxe5 33. dxe5 Nd7 34.
Qd6 Be6 35. f4 Qd1 36. Qb4 b6 37. Kf2 Nc5 38. Be2 Qh1 39. Nf1 Ne4+ 40. Ke1 Qg1
41. g4 Qf2+ 42. Kd1 Bxg4 43. Bxg4 Qxf1+ 44. Qe1 Nf2+ 0-1

[Event "2.BLN 1718 SF Berlin - SK Zehlendorf"]
[Site "?"]
[Date "2017.10.23"]
[Round "2.1"]
[White "Meister, Jakob"]
[Black "Abel, Dennes"]
[Result "1/2-1/2"]
[WhiteElo "2424"]
[BlackElo "2458"]
[PlyCount "50"]
[EventDate "2017.??.??"]

1. d4 Nf6 2. Bg5 d5 3. Bxf6 gxf6 4. e3 c5 5. dxc5 Nc6 6. c3 a5 7. Bb5 e6 8. Ne2
Bxc5 9. Nf4 Bd7 10. a4 f5 11. Nd2 Qe7 12. O-O Rd8 13. Qh5 Bd6 14. Nf3 Ne5 15.
Nd4 O-O 16. Rfd1 Bc8 17. Be2 Ng6 18. g3 Kh8 19. Bf3 Rg8 20. Bg2 Rg7 21. Qe2 Ne5
22. Qb5 Qc7 23. Qe2 Qe7 24. Qb5 Qc7 25. Qe2 Qe7 1/2-1/2

[Event "2.BLN 1718 SF Berlin - SK Zehlendorf"]
[Site "?"]
[Date "2017.10.23"]
[Round "2.2"]
[White "Lauber, Arnd"]
[Black "Malek, Daniel"]
[Result "1-0"]
[WhiteElo "2423"]
[BlackElo "2405"]
[PlyCount "71"]
[EventDate "2017.??.??"]

1. d4 Nf6 2. c4 g6 3. Nf3 Bg7 4. g3 d5 5. Bg2 dxc4 6. O-O O-O 7. Na3 c3 8. bxc3
c5 9. e3 Nc6 10. Qe2 Bf5 11. Rd1 Be4 12. Bb2 cxd4 13. cxd4 Rc8 14. Rac1 Na5 15.
Nb5 Rxc1 16. Rxc1 a6 17. Nc3 Bc6 18. e4 e6 19. Ne5 Nd7 20. Nxd7 Bxd7 21. d5 b5
22. e5 Nc4 23. f4 Qb6+ 24. Kh1 Rc8 25. dxe6 fxe6 26. Ne4 Nxb2 27. Qxb2 Rxc1+
28. Qxc1 h6 29. h4 a5 30. Qc2 Bc6 31. Nf6+ Bxf6 32. Qxg6+ Bg7 33. Qxe6+ Kh8 34.
Qxc6 Qxc6 35. Bxc6 b4 36. Kg2 1-0

[Event "2.BLN 1718 SF Berlin - SK Zehlendorf"]
[Site "?"]
[Date "2017.10.23"]
[Round "2.3"]
[White "Lagunow, Raphael"]
[Black "Ahmadinia, Ebrahim"]
[Result "1/2-1/2"]
[WhiteElo "2353"]
[BlackElo "2400"]
[PlyCount "88"]
[EventDate "2017.??.??"]

1. Nf3 d5 2. g3 Bg4 3. Bg2 Nd7 4. O-O c6 5. h3 Bh5 6. d3 Ngf6 7. Nbd2 e5 8. Qe1
Bc5 9. e4 dxe4 10. dxe4 O-O 11. Nc4 Re8 12. a4 a5 13. Bd2 b6 14. Nh4 Qc7 15.
Bf3 Bg6 16. Qe2 Nf8 17. Bc3 Rad8 18. Kg2 Bd4 19. Bd2 Ne6 20. Nxg6 hxg6 21. c3
Bc5 22. Rad1 Bf8 23. Be3 Rb8 24. Ra1 Bc5 25. Rfd1 Red8 26. Qc2 Bxe3 27. Nxe3
Nc5 28. Ng4 Nxg4 29. Bxg4 Rxd1 30. Rxd1 Rd8 31. Rxd8+ Qxd8 32. Be2 Qd7 33. Bc4
Kf8 34. b3 Nb7 35. Qe2 Nd6 36. h4 Ke7 37. Qd3 Qg4 38. f3 Qc8 39. b4 Qc7 40. Bb3
Qd8 41. Qa6 Qc7 42. Qd3 Nb7 43. Qc4 Nd6 44. Qd3 Nb7 1/2-1/2

[Event "2.BLN 1718 SF Berlin - SK Zehlendorf"]
[Site "?"]
[Date "2017.10.23"]
[Round "2.4"]
[White "Rudolf, Henrik"]
[Black "Stachowiak, Kamil"]
[Result "0-1"]
[WhiteElo "2321"]
[BlackElo "2432"]
[PlyCount "94"]
[EventDate "2017.??.??"]

1. e4 c5 2. Nf3 d6 3. d4 cxd4 4. Nxd4 Nf6 5. Nc3 g6 6. Be3 Bg7 7. f3 a6 8. Qd2
Nbd7 9. g4 b5 10. h4 Bb7 11. h5 Rg8 12. hxg6 hxg6 13. O-O-O Qc7 14. g5 Nh5 15.
Bh3 Ne5 16. Nd5 Bxd5 17. exd5 Nc4 18. Qe1 Be5 19. Kb1 Nxe3 20. Qxe3 Qc5 21. Bg4
Nf4 22. Qe4 Qxd5 23. Qxd5 Nxd5 24. Nxb5 axb5 25. Rxd5 Rb8 26. Re1 e6 27. Rdxe5
dxe5 28. Rxe5 Ke7 29. b4 Rgd8 30. Kb2 Rd5 31. Rxd5 exd5 32. f4 Kd6 33. Be2 Kc6
34. Kc3 Ra8 35. Kd4 Rxa2 36. Bf3 Rxc2 37. Bxd5+ Kd6 38. Bxf7 Rb2 39. Bxg6 Rxb4+
40. Ke3 Rb3+ 41. Bd3 Kd5 42. f5 Ke5 43. f6 Ke6 44. Kd4 Rb4+ 45. Kc5 Rg4 46.
Bf5+ Kxf5 47. f7 Rc4+ 0-1